|
|
|
|
| LEADER |
01040nam a2200265 a 4500 |
| 001 |
012503866 |
| 008 |
090630s1995 ii 001 0 eng d |
| 010 |
|
|
|a 96904148
|
| 020 |
|
|
|a (cased)
|
| 040 |
|
|
|a Uk
|c Uk
|d BD-DhAAL
|
| 082 |
0 |
0 |
|a 792/.0954
|2 20
|
| 999 |
|
|
|c 10422
|d 10422
|
| 999 |
|
|
|c 10422
|
| 245 |
1 |
0 |
|a Rasa :
|b the Indian performing arts in the last twenty-five years.
|n Vol. I,
|p Music and dance /
|c editors, Bimal Mukherjee, Sunil Kothari.
|
| 260 |
|
|
|a Calcutta :
|b Anamika Kala Sangam,
|c 1995.
|
| 300 |
|
|
|a xxii, 344 p. :
|b ill., ports. ;
|c 28 cm.
|
| 500 |
|
|
|a Includes indexes.
|
| 541 |
1 |
|
|e 00013238
|
| 650 |
0 |
|
|a Performing arts
|z India.
|9 1513
|
| 700 |
1 |
|
|a Mukherjee, Bimal,
|d 1930-
|9 1514
|
| 700 |
1 |
|
|a Kothari, Sunil.
|9 1515
|
| 710 |
2 |
|
|a Anamika Kala Sangam (Calcutta, India)
|9 1516
|
| 852 |
|
|
|a Ayesha Abed Library
|c General Shelf.
|
| 942 |
|
|
|2 ddc
|c BK
|
| 952 |
|
|
|0 0
|1 0
|2 ddc
|4 0
|6 792_095400000000000_RAS
|7 0
|9 14310
|a BRACUL
|b BRACUL
|c GEN
|d 2011-02-02
|g 2400.00
|l 1
|o 792.0954 RAS
|p 3010013238
|r 2019-07-22
|s 2019-07-18
|t 1
|w 2011-02-02
|y BK
|